000 00764nam a2200181 a 4500
008 060316s1999 ||||||||||||||||| || u
020 _a020139829X
050 _aZ 667 Bae
100 _aBaeza-Yates, R. (Ricardo)
245 1 0 _aModern information retrieval
_cby Ricardo Baeza-Yates and Berthier Ribeiro-Neto
260 _aNew York :
_bACM Press Addison-Wesley
_c1999.
300 _axx, 513 p. : ill. ; 24 cm.
350 _a0.00
650 _aLIBRARIANSHIP--HANDBOOKS, MANUALS, ETC
650 _aINFORMATION STORAGE AND RETRIEVAL SYSTEMS
700 _aRibeiro, Berthier de Araâujo Neto, 1960-
995 _D0.00
_FCBU-MAIN LIBRARY (Kitwe)
_H1
_I0.00
_UAVAILABLE
_WOct 22, 2007
_ZAnnex Low-Usage Collection
999 _c51468
_d51468